Veľkoobchody

Podrobná bibliografia
Médium: Článok
Jazyk:slovenčina
Predmet:

MARC

LEADER 00000nab a2200000 a 4500
001 vtls008964082
003 SK-MaSNL
005 20260303070804.0
008 070416 2007 xo w n 000 0 slo
015 |a SLLK2007  |2 sllk 
038 |a SLLK 
040 |a SLLK  |b slo  |c sllk  |e AACR2 
041 0 |a slo 
044 |a xo  |c SK 
080 |a 725.215  |2 1997 
245 0 0 |a Veľkoobchody  |c [autor] (mv) 
648 7 |a 2007  |2 snkbucl  |9 313226 
650 0 7 |a veľkoobchody  |2 snkbucl  |9 877908 
651 7 |a Stará Ľubovňa (Slovensko)  |2 snkbucl  |9 19193 
773 0 |t Ľubovnianske noviny  |g Roč. XXXIII, č. 14 (2007), s. 1 
852 |a SLLK  |b KIS3GCP 
999 |c 1756934  |d 1758864